| Поле | Инд. | ПП | Название | Значение |
|---|---|---|---|---|
| Тип записи | a | |||
| Библиографический уровень | b | |||
| 001 | Контрольный номер | RU/IS/BASE/145383418 | ||
| 005 | Дата корректировки | 20200522190703.8 | ||
| 084 | a | Индекс другой классификации/Индекс ББК | 65.9(2Рос)-183-551 | |
| 100 | 1_ | a | Автор | Блохин А. А. |
| q | Полное имя | Блохин Андрей Алексеевич | ||
| 245 | a | Заглавие | Институциональный аспект анализа цены российских реформ | |
| 504 | a | Библиография | Лит. в конце статьи | |
| 520 | a | Аннотация | Институциональные преобразования в российской экономике рассматриваются как инновационный процесс, требующий высоких затрат и вызывающий сложные структурные сдвиги в экономике. Автор выделяет следующие разделы: Возросшая себестоимость трансакционных услуг. Монопольные цены на рынках посреднических услуг. Потребность трансакционного сектора в инвестициях. Фактор рекомбинирования хозяйственных связей. | |
| 650 | a | Основная рубрика | экономика | |
| 653 | a | Ключевые слова | инвестирование | |
| a | Ключевые слова | инновации | ||
| a | Ключевые слова | инновационная экономика | ||
| a | Ключевые слова | инновационные процессы | ||
| a | Ключевые слова | институциональные преобразования | ||
| a | Ключевые слова | макроэкономика | ||
| a | Ключевые слова | рекомбинирование хозяйственных связей | ||
| a | Ключевые слова | Россия | ||
| a | Ключевые слова | стратегия развития | ||
| a | Ключевые слова | трансакционные технологии | ||
| a | Ключевые слова | трансакционные услуги | ||
| a | Ключевые слова | трансакционный сектор экономики | ||
| a | Ключевые слова | экономические реформы | ||
| a | Ключевые слова | экономический рост | ||
| 773 | t | Заглавие источника | Проблемы прогнозирования | |
| d | Дата издания источника | 2001 | ||
| g | Прочая информация | № 1. - С. 116 - 135 : граф. | ||
| w | Контрольный № источника | RU/IS/BASE/142087785 | ||
| 901 | t | Тип документа | b |